| 000 | 00645nam a2200265Ia 4500 | ||
|---|---|---|---|
| 008 | 210210b1963 xxu||||| |||| 00| 0 eng d | ||
| 041 | _aeng | ||
| 082 | _a532/84 | ||
| 100 | _aSEARS (Francis Weston) | ||
| 245 | _aIntroduction to thermodynamics the kinetic theory of gases and statistical mechanics Ed 2 | ||
| 250 | _a | ||
| 260 |
_aLondon _bAddison-Wesley _c1963 |
||
| 300 | _ax,374 | ||
| 650 | _athermodynamics | ||
| 650 | _atheory | ||
| 650 | _astatistical | ||
| 650 | _amechanics | ||
| 650 | _akinetic | ||
| 650 | _aIntroduction | ||
| 650 | _agases | ||
| 650 | _aEd | ||
| 650 | _a2 | ||
| 690 | _aHeat | ||
| 906 | _a008449 | ||
| 999 |
_c126384 _d126384 |
||